| 000 | 00592cam a22002053a 4500 | ||
|---|---|---|---|
| 001 | 39178 | ||
| 003 | PGUSA | ||
| 005 | 20140828083853.0 | ||
| 008 | 120317s2012||||xxu|||||s|||||000 | eng d | ||
| 040 |
_aPGUSA _beng |
||
| 042 | _adc | ||
| 100 | 1 |
_aBarrie, J. M. _q(James Matthew), _d1860-1937 |
|
| 245 | 1 | 0 |
_a"Der Tag" : _bThe Tragic Man _h[electronic resource] / _cJ. M. Barrie |
| 260 |
_bProject Gutenberg, _c2012 |
||
| 506 | _aPublic domain in the USA. | ||
| 516 | _aElectronic text | ||
| 830 | 0 |
_aProject Gutenberg _v39178 |
|
| 856 | 4 | 0 | _uhttp://www.gutenberg.org/ebooks/39178 |
| 942 | _cEB | ||
| 999 |
_c268431 _d268431 |
||